000 00448cam a2200181ua 4500
020 _c1.25
041 _amal
_h
082 _a306.85
_bCHA/KU
100 _aChandra Sekhar, S .
245 _aKudumbasamvidhanam /
_cS Chandra Sekhar.
_hTextual Documents
260 _aEranakulam :
_bDeepam Publishing Company ,
_c1959.
300 _a151 ; .
365 _a1.25
504 _a
942 _cBK
999 _c6357
_d6357